| 000 | 00586nam a2200193Ia 4500 | ||
|---|---|---|---|
| 001 | 14821 | ||
| 003 | GE_BSU | ||
| 008 | 181216s||||||||xx |||||||||||||| ||und|| | ||
| 040 | _cGE_BSU | ||
| 080 | _a510.22(075.8)+515.12(075.8) | ||
| 100 | _aАлександров,П.С. | ||
| 245 | _aВведение в теорию множеств и общую топологию | ||
| 260 | _aМосква | ||
| 260 | _bНаука | ||
| 260 | _c1977 | ||
| 300 | _a368стр.22см. | ||
| 653 | _aВведение в теорию множеств и общую топологию | ||
| 942 | _cBK | ||
| 999 |
_c47944 _d47944 |
||